00713nam a2200241 a 4500001001300000003000900013005001700022008004100039020000900080082001300089100002100102245005600123260003000179300000800209500003500217505003400252650002000286700002100306902000800327942000700335952011200342999001700454nice12345678IN_TiNIC20260116013535.0050524s1993 dela grp 000 0 eng  ac6000a823bSID aSiddiqi, Shaukat aGod`s Own Land-Khuda Ki Bastib a Novel of Pakistan aDelhibRupa and Co.c1993 a245 aincludes index and biblioraphy2 aAppendix, Bibliography, Index aEnglish-Fiction1 aSiddiqi, Shaukat bSRS cBK 001040708StackRoom-aHMIbHMId2007-06-15g60.00l0o823 SIDp018108r2007-06-15v60.00w2005-05-24yBK c11393d11393